000 01419nam a2200397 c 4500
999 _c198543
_d198543
003 BLK
005 20241109005513.0
008 180411b bul|||||r ||||||| ||bul||
010 _aKNG00207891000
020 _a978-954-8689-95-3
040 _aBLK
041 _aBUL
_cBUL
072 7 _2bullib
_aН8400
_xБългарска поезия Н
072 7 _2bullib
_aК
_xКраезнание
072 7 _2bullib
_aРА
_xРусенски автори
080 _aБългарска литература
_b821.163.2
_x-1
_z821.163.2-1
100 1 _aКисьов, Здравко Крумов
_d1937-2015
_gПоет. Преводач.
_979339
139 _aКисьов, Здравко Крумов
_bК 60
245 1 0 _aОтвъдно време
_bПоследни стихотворения
_cЗдравко Крумов Кисьов.
257 _aBGR
260 _bЕРГО
_c2017
_fСофия : Симолини
300 _a128 с.
_c20 см
380 _aX
490 1 _aПоредица Нова българска лира
500 _a400 тир. - За автора.
653 _aстихотворения
659 _aК
659 _aН
852 _aЦб 286066
852 _aК 821.163.2/К 60 з
942 _cKNG
_n0
_09
_s1
944 _aCR
_c12.06.2017
_lCRON CRON
_k
944 _aED
_c07.08.2017
_lф /
_kВиолета_Тройчева
999 _d198543
999 _d198543